00849 2200277 4500001002100000005001700021008004100038020002200079035002500101040001200126082001600138084001800154100002900172245016500201250001100366260002700377300002500404500001100429504003100440650001000471700002400481850001200505990001800517990001800535990001800553INLIS00000000000563820150805092038.0  a978-602-9255-53-9 a0010-051500000000771 aYOPDYOG 223a297.216 a297.216 Muh P aMUHAMMAD Syahir Alaydrus aPerjumpaan dengan iblisb: Membongkar rahasia sosok yang diusir dari langit dan dituhankan di bumic/ Muhammad Syahir Alaydrus; Penyunting, Yadi Saeful Hidayat. aCet. 1 aBandungbMizaniac2013 a224 hlm.c; 23,5 cm. aIndeks aBibliografi : hlm. 208-209 aIblis aYADI Saeful Hidayat aYOPDYOG a15206-PD/B.15 a15207-PD/B.15 a15208-PD/B.15